Famous Dynamic Duos Quiz Stats

 Plays Quiz Updated Mar 20, 2017

Support Sporcle.
Go Orange.
Score 0/18 Timer 05:00
5 Plays Today
% Correct
(2) Robin
97.1%
(1) Tom
87.4%
(2) Bullwinkle
84.1%
(2) Ernie
79.6%
(1) Penn
74.1%
(2) Garfunkel
72.7%
(1) Cheech
68%
(1) Laurel
66.9%
(1) Hall
64.7%
% Correct
(2) Pepa
62.8%
(1) Abbott
62.7%
(2) Ferb
61.3%
(1) Beavis
61.1%
(1) Itchy
60.9%
(1) Starsky
58.6%
(2) Stimpy
56%
(1) Bill
50.6%
(2) Clark
38.6%

You're not logged in!

Compare scores with friends on all Sporcle quizzes.
OR
Log In
Forgot?

From the Vault

NBA Championship Coaches

by Sam

Once you win four or five championships, do you start making fun of the coaches who have only won one?
Remove Ads.
Support Sporcle.
Get the best of Sporcle when you Go Orange. This ad-free experience offers more features, more stats, and more fun while also helping to support Sporcle. Thank you for becoming a member.

Show Comments

Extras

Top Quizzes Today


Score Distribution

Your Account Isn't Verified!

In order to create a playlist on Sporcle, you need to verify the email address you used during registration. Go to your Sporcle Settings to finish the process.

Report this User

Report this user for behavior that violates our Community Guidelines.

Details: